A quel souverain peuvent-ils succéder ? - Statistiques

Statistiques générales
  • Ce quiz a été pris 21 fois
  • Le résultat moyen est 12 sur 37
Statistiques - réponses
Pays Successeur
Dernier souverain
légitime
% Correct
Royaume-Uni William Charles III
78%
Royaume-Uni* François II Charles III
78%
Hongrie* Charles V Charles IV
78%
France* Louis XX Charles X
78%
Suède Victoria Charles XVI
78%
France* Napoléon VII Napoléon III
67%
Pologne* Alexis Nicolas II
61%
Russie* Maria 1ère Nicolas II
61%
Russie* Alexis Nicolas II
61%
Russie* Nicolas III Nicolas II
61%
Belgique Elisabeth Philippe
56%
Espagne Leonor Philippe VI
56%
Espagne* Charles-Xavier 1er Philippe VI
56%
Portugal* Pedro José Jean VI
39%
Italie* Aymon II Victor-Emmanuel II
39%
Monaco Jacques Albert II
33%
Allemagne* Georges-Frédéric 1er Guillaume II
33%
Grèce* Paul Constantin II
17%
Géorgie* David Georges XII
17%
Norvège Haakon Harald V
17%
Luxembourg Guillaume Henri
17%
France* Jean IV Louis-Philippe 1er
17%
Danemark Frederik Margrethe II
17%
Bulgarie* Siméon II Boris III
11%
Pays-Bas Catarina-Amalia Willem-Alexander
11%
Autriche* Charles II Charles 1er
6%
Finlande* Heinrich Charles 1er
6%
Italie* Victor-Emmanuel IV Humbert II
6%
Serbie* Alexandre II Pierre II
6%
Pologne* Daniel Stanislas II
6%
Albanie* Leka II Zog 1er
6%
Liechtenstein Aloïs Hans-Adam II
0%
Portugal* Edouard III Michel 1er
0%
Roumanie* Paul-Philippe Michel 1er
0%
Roumanie* Margareta Michel 1er
0%
Lituanie* Karl Anselm Mindaugas II
0%
Monténégro* Nicolas II Nicolas 1er
0%
Aucun quiz correspondant
Distribution des résultats
% des personnes avec chaque résultat
Percentile par nombre de réponses
Votre historique - résultats
Vous n’avez pas pris ce quiz